000 nam a22 7a 4500
999 _c10099
_d10099
008 180212b ||||| |||| 00| 0 eng d
100 _aFiliporiu, Z
_96118
245 _aStolen voices (young people war diaries)
260 _aNew Delhi
_bAravind Kumar Publication
_c2013